| 000 | 01169nac a22003857a 4500 | ||
|---|---|---|---|
| 001 | BR0400355 | ||
| 003 | BR-BrBNA | ||
| 005 | 20240105122941.0 | ||
| 008 | 230509b bl.|||m| |||| 00| 0 por d | ||
| 040 |
_aBR-BrBNA _bpor _cBiblioteca Nacional de Agricultura |
||
| 072 | _aQ52; E16 | ||
| 090 | _a1958 BR0400355 | ||
| 100 | 1 | _aCarvalho Filho, O.M. de | |
| 100 | 1 | _aSanguidey, P.H. | |
| 110 | 1 |
_aCentro Nacional de Pesquisa de Coco, Aracaju, SE (Brasil) _91760 |
|
| 245 | 1 | _aSilagem de leucena em tambores: tecnologia para pequenos produtores | |
| 260 | 3 |
_aAracaju, SE (Brasil): _c1992. |
|
| 300 | _a7 p. | ||
| 490 |
_aComunicado Técnico - Centro Nacional de Pesquisa de Coco (Brazil) _vno. 42 _xISSN 0100-4867 |
||
| 500 | _a5 illus. | ||
| 650 | _aLEUCAENA | ||
| 650 | _aSILAGEM | ||
| 650 | _aMILHO | ||
| 650 | _aFEIJÃO | ||
| 650 | _aCULTIVO INTERCALADO | ||
| 650 | _aPROTEÍNA | ||
| 650 | _aMATÉRIA SECA | ||
| 650 | _aARMAZENAMENTO | ||
| 650 | _aCUSTO DE PRODUÇÃO | ||
| 650 | _aSUPLEMENTO PROTEÍCO | ||
| 650 | _aRENDIMENTO | ||
| 650 | _aCUSTO-BENEFÍCIO | ||
| 909 |
_a202312 _bLúcia Elande _c55 _dLúcia Elande |
||
| 942 |
_2AGRIS _n0 _cMS |
||
| 999 |
_c293426 _d293426 |
||